000 00398nam a2200169Ia 4500
008 090711s9999 xx 000 0 und d
082 _b37365
100 _aसाधले आनंद
245 _aसय
260 _c1972
300 _a143
600 _aसाधले आनंद
630 _aसय
700 _aसाधले आनंद
730 _aसय
942 _cBOOK
999 _c327006
_d327006